| 000 | 00659nam a22002057a 4500 | ||
|---|---|---|---|
| 005 | 20251108175747.0 | ||
| 008 | 250721s2014 xx 000 0 ara d | ||
| 082 | 1 | 4 | _aط/923,362/راع |
| 100 | 1 |
_aالراعي، ليلى _eمؤلف |
|
| 245 | 1 | 0 | _aطلعت حرب رجل غير وجه مصر / |
| 264 | 1 |
_aالجيزة - مصر : _bدار البلسم للنشر و التوزيع، _c2014. |
|
| 300 | _a55ص. | ||
| 650 | 1 | 7 | _aالتراجم |
| 650 | 1 | 7 | _aالاقتصاديون |
| 650 | 1 | 7 | _aتاريخ مصر |
| 653 | _aناشئون صغار (16ـ14)سنة | ||
| 700 | 1 |
_aجعيصة، ياسر _eرسام |
|
| 942 |
_2ddc _cBK |
||
| 999 |
_c141748 _d141748 |
||